000 00387cam a2200169 4500
001 D13001
008 090401t1931 xxu||||| |||| 00| 0 eng d
035 _a(Sirsi) u7135
041 _aeng
100 _aHotine, M.
245 _aSurveying from air photographs
260 _aLondon
_bConstable and Co
_c1931
350 _a0
520 _aShelf 182
942 _n0
948 _c04/03/1997
999 _c86393
_d86393